000 01098nam a22003017a 4500
001 3696
003 FISKH
005 20240412104406.0
008 240412b cb ||||| |||| 00| 0 eng d
020 _a9780439213615
040 _aFISKH
_beng
_cFISKH
_dFISKH
050 _aPZ7.M3365
082 _a813.54
100 _aMargulies, Teddy
245 _aClifford the runaway rabbit /
_cAdapted by Teddy Margulies ; Drawings by Carolyn Bracken ; Color by Sandrina Kurtz
260 _aNew York :
_bScholastic,
_c2001.
300 _a32 unnumbered pages :
_bcolor illustrations ;
_c23 cm
500 _aBased on the Scholastic book series "Clifford The Big Red Dog" by Norman Bridwell
505 _aG
520 _aEmily Elizabeth asks Clifford to watch Wally, her classroom's pet bunny, but when T-Bone and Cleo want to play with him, Wally escapes and a chase begins.
521 8 _a410
_bLexile
521 8 _aG
_bRaz-Plus
650 _aAnimal Characters
_xRabbits
650 _aPets
_vFiction
700 _aBracken, Carolyn
_eIllustrator
942 _2ddc
_cBK
_n0
999 _c3696
_d3696